[Event "CHAMP LIGUE VETERAN"]
[Site "?"]
[Date "2015.11.22"]
[Round "1"]
[White "WEILL, SERGE."]
[Black "LUCAS, JEAN."]
[Result "1/2-1/2"]
[WhiteElo "1940"]
[BlackElo "1670"]
[PlyCount "132"]
[SourceDate "2015.11.23"]

1. e4 e5 2. Nf3 Nc6 3. Bb5 f5 4. d4 fxe4 5. Nxe5 Nxe5 6. dxe5 c6 7. Bc4 Qa5+ 8.
Nc3 Qxe5 9. Bxg8 Rxg8 10. O-O d5 11. Re1 Bc5 12. Be3 Bxe3 13. Rxe3 Be6 14. f4
Qxf4 15. Qd4 Rf8 16. Nxe4 dxe4 17. Rxe4 Qf6 18. Qe3 O-O-O 19. Rxe6 Qxb2 20. Re1
Qb6 21. Qxb6 axb6 22. h3 Rf7 23. R1e2 Kc7 24. Kh2 Rd6 25. Re8 b5 26. g4 Rfd7
27. Kg3 Rd2 28. Kf3 Rxe2 29. Kxe2 Kd6 30. Rh8 h6 31. Rg8 Ke6 32. Rf8 Rf7 33.
Rd8 Kf6 34. Kf3 Ke5+ 35. Ke3 c5 36. h4 Rc7 37. c3 b4 38. c4 b5 39. Re8+ Kd6 40.
cxb5 Ra7 41. Rd8+ Kc7 42. Rg8 Kb6 43. Rb8+ Kc7 44. Rg8 Kd6 45. b6 Rb7 46. Kd3
Kc6 47. Kc4 Kxb6 48. Rc8 Ra7 49. Rxc5 Rxa2 50. Re5 Rg2 51. Re6+ Ka5 52. Rg6 h5
53. Rg5+ Ka4 54. gxh5 Rh2 55. Rg4 Rh3 56. Rxg7 Rxh4+ 57. Kd3 Rxh5 58. Kc2 Rh2+
59. Kb1 Re2 60. Rg3 b3 61. Rg8 Re5 62. Kb2 Rb5 63. Rh8 Rb7 64. Rh4+ Rb4 65. Rh8
Rb7 66. Rh4+ Rb4 1/2-1/2

[Event "CHAMP LIGUE VETERAN"]
[Site "?"]
[Date "2015.11.22"]
[Round "1"]
[White "WUHRMANN, DANIEL."]
[Black "DVORSAK, HANS."]
[Result "1/2-1/2"]
[WhiteElo "1698"]
[BlackElo "1875"]
[PlyCount "80"]

1. e4 e5 2. Nf3 Nc6 3. Bb5 Bc5 4. c3 f5 5. d4 fxe4 6. Nxe5 Nxe5 7. Qh5+ Nf7 8.
Qxc5 c6 9. Be2 d6 10. Qb4 Qh4 11. Be3 Nf6 12. Nd2 Nd5 13. g3 Nxb4 14. gxh4 Nc2+
15. Kd1 Nxa1 16. Rg1 O-O 17. h5 Be6 18. c4 b5 19. Nxe4 Kh8 20. Kd2 bxc4 21.
Rxa1 Rab8 22. Kc3 d5 23. Nc5 Nd8 24. Rg1 h6 25. Bd1 Bc8 26. Bc2 Ne6 27. Rg6
Nxc5 28. dxc5 Bd7 29. Bd4 Rf7 30. Rxh6+ Kg8 31. Rg6 Kf8 32. h6 gxh6 33. Rxh6
Rf3+ 34. Kd2 Rh3 35. Rd6 Be8 36. Rf6+ Ke7 37. Bf5 Rxh2 38. Re6+ Kf7 39. Rf6+
Ke7 40. Re6+ Kf7 1/2-1/2

[Event "CHAMP LIGUE VETERAN"]
[Site "?"]
[Date "2015.11.22"]
[Round "1"]
[White "URBANIAK, PATRICK."]
[Black "ROSAIA, DANY."]
[Result "1-0"]
[WhiteElo "1814"]
[BlackElo "1449"]
[PlyCount "67"]

1. c4 e5 2. Nc3 c6 3. e4 d6 4. g3 Nf6 5. Bg2 Be7 6. Nge2 Bg4 7. h3 Bh5 8. O-O
Nbd7 9. d3 h6 10. g4 Bg6 11. f4 exf4 12. Nxf4 Bh7 13. Be3 Ne5 14. b3 g5 15.
Nfe2 Bg6 16. d4 Ned7 17. Ng3 Qa5 18. Qd2 Qc7 19. Nf5 Bxf5 20. Rxf5 O-O-O 21. b4
Nb6 22. Qe2 Kb8 23. a4 Rh7 24. a5 Nbd7 25. Qf2 Rf8 26. e5 dxe5 27. dxe5 Nxe5
28. Bxa7+ Ka8 29. Bb6 Qb8 30. Rxf6 Bxb4 31. a6 Bxc3 32. axb7+ Kxb7 33. Ra7+ Kc8
34. Qf5+ 1-0

[Event "CHAMP LIGUE VETERAN"]
[Site "?"]
[Date "2015.11.22"]
[Round "1"]
[White "BOUGEL, CLAUDE."]
[Black "MAHIEU, JACQUES."]
[Result "1-0"]
[WhiteElo "1691"]
[BlackElo "1638"]
[PlyCount "85"]

1. c4 e6 2. Nf3 b6 3. Nc3 Bb7 4. e4 Bb4 5. d3 d6 6. Be2 Bxc3+ 7. bxc3 Nf6 8.
O-O Nbd7 9. h3 O-O 10. Bg5 h6 11. Bh4 Qe8 12. Qd2 Nh7 13. Nd4 Ndf6 14. f4 Qd7
15. Bf3 c5 16. Ne2 d5 17. cxd5 exd5 18. e5 Ne8 19. Bg4 Qc7 20. Ng3 Bc8 21. Bf3
Bb7 22. Nf5 Bc8 23. Ne7+ Kh8 24. Nxd5 Qb8 25. Rae1 Bb7 26. c4 Nc7 27. Be7 Nxd5
28. Bxd5 Re8 29. Bd6 Qc8 30. Bxf7 Rd8 31. Bh5 Nf8 32. Bg4 Qc6 33. Bf3 Qd7 34.
Bxb7 Qxb7 35. Bxf8 Rxf8 36. f5 Rad8 37. f6 g5 38. e6 Rde8 39. Qe2 Qc8 40. f7
Re7 41. Qe5+ Kh7 42. Qf5+ Kg7 43. Qf6+ 1-0

[Event "?"]
[Site "?"]
[Date "2015.11.23"]
[Round "2"]
[White "MAHIEU, JACQUES."]
[Black "WUHRMANN, DANIEL."]
[Result "1/2-1/2"]
[WhiteElo "1638"]
[BlackElo "1698"]
[PlyCount "32"]

1. c4 Nf6 2. Nc3 e6 3. e4 c5 4. Nf3 Nc6 5. Be2 d5 6. cxd5 exd5 7. exd5 Nxd5 8.
Qb3 Nxc3 9. dxc3 Be7 10. O-O Qc7 11. Bg5 Be6 12. Qc2 O-O 13. Bxe7 Qxe7 14. Rfe1
Qf6 15. Bd3 h6 16. Re3 Rfe8 1/2-1/2

[Event "?"]
[Site "?"]
[Date "2015.11.23"]
[Round "2"]
[White "ROSAIA, DANY."]
[Black "LEFEBVRE, SERGE."]
[Result "0-1"]
[WhiteElo "1449"]
[BlackElo "1630"]
[PlyCount "48"]

1. d4 Nf6 2. c4 c5 3. d5 b5 4. e3 bxc4 5. Bxc4 g6 6. Qa4 Bg7 7. Nc3 O-O 8. Nge2
d6 9. e4 Nbd7 10. Qd1 Nb6 11. b3 Nxe4 12. Bb2 Nxc4 13. bxc4 Rb8 14. Qc2 Bf5 15.
Qc1 Qb6 16. Ba3 Nxc3 17. Nxc3 Qa5 18. Bb2 Rxb2 19. O-O Qxc3 20. Qf4 Rc2 21.
Rfc1 Be5 22. Rxc2 Qxc2 23. Qc1 Bxa1 24. Qxa1 Qb1+ 0-1

[Event "?"]
[Site "?"]
[Date "2015.11.23"]
[Round "2"]
[White "WEILL, SERGE."]
[Black "BOUGEL, CLAUDE."]
[Result "1-0"]
[WhiteElo "1943"]
[BlackElo "1691"]
[PlyCount "73"]

1. e4 c5 2. Nf3 d6 3. c3 Nf6 4. Bd3 Nc6 5. Bc2 g6 6. O-O Bg7 7. d3 O-O 8. Nbd2
b5 9. Re1 Qc7 10. Nf1 a5 11. Bd2 a4 12. Rc1 Be6 13. Bb1 Nd7 14. d4 Bg4 15. Ne3
Bxf3 16. Qxf3 cxd4 17. cxd4 Bxd4 18. Nd5 Nde5 19. Nxc7 Nxf3+ 20. gxf3 Ne5 21.
Kg2 Bxb2 22. Nxa8 Bxc1 23. Rxc1 Nc4 24. Rxc4 bxc4 25. Nb6 Rb8 26. Ba5 e6 27.
Bc2 d5 28. exd5 exd5 29. Nxd5 Rb2 30. Nb4 a3 31. Kf1 Kf8 32. Ke2 Ke7 33. Kd2
Kd6 34. Kc3 Kc5 35. Bd8 Kb5 36. Be7 f5 37. f4 1-0

[Event "?"]
[Site "?"]
[Date "2015.11.23"]
[Round "2"]
[White "DVORSAK, HANS."]
[Black "URBANIAK, PATRICK."]
[Result "1-0"]
[WhiteElo "1875"]
[BlackElo "1815"]
[PlyCount "43"]

1. e4 c5 2. Nf3 d6 3. d4 cxd4 4. Nxd4 Nf6 5. Nc3 a6 6. Be3 e6 7. Be2 Be7 8. Qd2
O-O 9. g4 b5 10. a3 Bb7 11. f3 Nbd7 12. g5 Ne8 13. h4 g6 14. h5 e5 15. Nb3 Nc5
16. hxg6 fxg6 17. a4 Nxa4 18. Nxa4 bxa4 19. Na5 Qc8 20. Nxb7 Qxb7 21. Bc4+ Kg7
22. Rxh7+ 1-0

[Event "?"]
[Site "?"]
[Date "2015.11.23"]
[Round "2"]
[White "LUCAS, JEAN."]
[Black "VAN MAELE, RICHARD."]
[Result "1-0"]
[WhiteElo "1657"]
[BlackElo "1731"]
[PlyCount "53"]

1. e4 e6 2. d4 c5 3. Nf3 cxd4 4. c3 dxc3 5. Nxc3 a6 6. Bc4 Nc6 7. O-O Qc7 8.
Qe2 Bd6 9. Rd1 Ne5 10. Nxe5 Bxe5 11. h3 Ne7 12. Be3 O-O 13. Rac1 Bf4 14. Bb3
Qe5 15. Na4 Bxe3 16. Qxe3 d5 17. Nb6 Rb8 18. exd5 Qxe3 19. fxe3 exd5 20. Nxd5
Nxd5 21. Bxd5 b5 22. Rc7 Rb6 23. Bxf7+ Kh8 24. Re7 Rf6 25. Bd5 h6 26. b4 Rg6
27. Kh2 1-0

[Event "?"]
[Site "?"]
[Date "2015.11.23"]
[Round "3"]
[White "VAN MAELE, RICHARD."]
[Black "ROSAIA, DANY."]
[Result "1-0"]
[WhiteElo "1731"]
[BlackElo "1449"]
[PlyCount "131"]

1. f4 d5 2. b3 c5 3. Bb2 Nc6 4. Nf3 Bg4 5. e3 d4 6. e4 e5 7. f5 Nf6 8. d3 Be7
9. Be2 g6 10. h3 Bxf3 11. Bxf3 Qa5+ 12. Nd2 b5 13. O-O a6 14. a4 b4 15. Nc4 Qc7
16. Bc1 O-O 17. Bh6 Rfe8 18. fxg6 fxg6 19. Bg4 Qd8 20. Qf3 Kh8 21. Be6 Qc7 22.
Rf2 Ng8 23. Bxg8 Rxg8 24. Qf7 Nd8 25. Qd5 Nc6 26. Rf7 Rad8 27. Qe6 Qd7 28. Rxe7
Qxe7 29. Qxe7 Nxe7 30. Nxe5 Rgf8 31. Bxf8 Rxf8 32. Rf1 Rxf1+ 33. Kxf1 Kg7 34.
Nd7 Nc6 35. Nxc5 a5 36. Ne6+ Kf6 37. Nf4 g5 38. Ne2 h5 39. Kf2 Ke5 40. Ng3 h4
41. Nf5 Kf4 42. g3+ hxg3+ 43. Nxg3 Ne7 44. Nf1 Nc6 45. Nd2 g4 46. hxg4 Kxg4 47.
Nc4 Kf4 48. Nd6 Ne5 49. Ke2 Nc6 50. Nf5 Kg4 51. Kf2 Kf4 52. Nh4 Ne5 53. Nf5 Nc6
54. Nd6 Kg4 55. Nc4 Kf4 56. e5 Kf5 57. Kf3 Nxe5+ 58. Nxe5 Kxe5 59. Kg4 Ke6 60.
Kf4 Kd5 61. Kf5 Kd6 62. Ke4 Kc5 63. Ke5 Kc6 64. Kxd4 Kb6 65. Kd5 Ka6 66. Kc6
1-0

[Event "?"]
[Site "?"]
[Date "2015.11.23"]
[Round "3"]
[White "LEFEBVRE, SERGE."]
[Black "DVORSAK, HANS."]
[Result "0-1"]
[WhiteElo "1630"]
[BlackElo "1874"]
[PlyCount "76"]

1. e4 e5 2. Nf3 Nc6 3. d4 exd4 4. Nxd4 Bc5 5. Be3 Qf6 6. c3 Nge7 7. Bc4 Ne5 8.
Be2 Qg6 9. Bf3 d5 10. O-O Nxf3+ 11. Nxf3 Bxe3 12. fxe3 dxe4 13. Ne5 Qb6 14.
Qa4+ c6 15. Qd4 Be6 16. Nd2 f5 17. Nec4 Qxd4 18. cxd4 Rd8 19. Rac1 Nd5 20. Rfe1
Nb4 21. Ne5 Bxa2 22. Rc5 Rd5 23. Rec1 Rxc5 24. Rxc5 Bd5 25. Rc3 Ke7 26. Nb3 Na2
27. Na5 Nxc3 28. bxc3 b6 29. Naxc6+ Bxc6 30. Nxc6+ Kd6 31. Nxa7 Kd5 32. Nb5 g6
33. Na3 Ra8 34. c4+ Kc6 35. Nb5 Ra4 36. d5+ Kd7 37. Nd4 Rxc4 38. Ne6 b5 0-1

[Event "?"]
[Site "?"]
[Date "2015.11.23"]
[Round "3"]
[White "BOUGEL, CLAUDE."]
[Black "LUCAS, JEAN."]
[Result "1/2-1/2"]
[WhiteElo "1691"]
[BlackElo "1657"]
[PlyCount "111"]

1. c4 b6 2. d4 e6 3. Nf3 Nf6 4. Nc3 Bb4 5. Bd2 O-O 6. e3 Ba6 7. Be2 d5 8. cxd5
Bxe2 9. Qxe2 exd5 10. O-O Re8 11. Rac1 Nbd7 12. Rc2 c5 13. Rfc1 cxd4 14. Nxd4
Ne5 15. h3 Rc8 16. Nxd5 Rxc2 17. Nxf6+ Qxf6 18. Rxc2 Bxd2 19. Qxd2 Rd8 20. f4
Ng6 21. Qc3 Nxf4 22. Qc7 Nd5 23. Qg3 g6 24. Rf2 Qd6 25. Qxd6 Rxd6 26. Nb5 Rd7
27. Rd2 a6 28. Nc3 Nf6 29. Rxd7 Nxd7 30. Kf2 Nc5 31. Ke2 Kf8 32. e4 b5 33. b4
Ne6 34. Ke3 Ke7 35. e5 Nd8 36. Ke4 Ke6 37. Nd5 Kd7 38. Nf6+ Ke6 39. Nxh7 Nc6
40. Ng5+ Ke7 41. a3 a5 42. bxa5 Nxa5 43. Kd5 Nc4 44. a4 Ne3+ 45. Kc5 bxa4 46.
Kb4 Nxg2 47. Kxa4 Nf4 48. Kb5 Nd3 49. Nf3 Ke6 50. Ng5+ Kxe5 51. Nxf7+ Kf4 52.
Nh8 g5 53. Kc4 Nf2 54. Nf7 Nxh3 55. Nxg5 Nxg5 56. Kd5 1/2-1/2

[Event "?"]
[Site "?"]
[Date "2015.11.23"]
[Round "3"]
[White "WUHRMANN, DANIEL."]
[Black "WEILL, SERGE."]
[Result "1-0"]
[WhiteElo "1698"]
[BlackElo "1943"]
[PlyCount "113"]
[SourceDate "2015.11.24"]

1. e4 e5 2. Nf3 Nc6 3. Bb5 a6 4. Ba4 Nf6 5. O-O b5 6. Bb3 Be7 7. Re1 O-O 8. c3
d5 9. exd5 Nxd5 10. Nxe5 Nxe5 11. Rxe5 c6 12. d3 Bf6 13. Re1 Be6 14. Nd2 Qd7
15. Ne4 Be7 16. d4 Rad8 17. Bc2 Bf5 18. Ng3 Bg6 19. Bxg6 hxg6 20. Qf3 Bd6 21.
Ne4 Rfe8 22. Bd2 Bf8 23. Ng5 Qf5 24. Qxf5 gxf5 25. Nf3 Bd6 26. Rxe8+ Rxe8 27.
Re1 Rxe1+ 28. Nxe1 Kf8 29. Nd3 Ke7 30. f4 Ke6 31. g3 Nf6 32. Bc1 Kd5 33. Kf1
Ne4 34. Ke2 c5 35. dxc5 Bxc5 36. Be3 Bd6 37. Bd4 f6 38. Ke3 a5 39. b3 Ba3 40.
Ne1 Bc5 41. Bxc5 Kxc5 42. Kd3 b4 43. c4 Nc3 44. a3 Na2 45. axb4+ axb4 46. Kc2
Kd4 47. Nd3 Ke3 48. c5 Nc3 49. Nxb4 Nb5 50. Nd3 Kf3 51. b4 Kg2 52. Kb3 Kxh2 53.
Kc4 Nc7 54. b5 Kxg3 55. b6 Na6 56. c6 g5 57. c7 1-0

[Event "?"]
[Site "?"]
[Date "2015.11.24"]
[Round "4"]
[White "MAHIEU, JACQUES."]
[Black "LEFEBVRE, SERGE."]
[Result "1/2-1/2"]
[WhiteElo "1638"]
[BlackElo "1630"]
[PlyCount "43"]

1. c4 Nf6 2. Nc3 e6 3. e4 d6 4. d4 Nbd7 5. Nf3 Be7 6. Be3 O-O 7. Be2 b6 8. O-O
Bb7 9. Qc2 c5 10. d5 exd5 11. exd5 a6 12. a4 Qc7 13. Bd3 Rfe8 14. Bg5 g6 15.
Nd2 Ng4 16. Bxe7 Rxe7 17. Rfe1 Rae8 18. Nf3 Nge5 19. Nxe5 Nxe5 20. Kf1 Nxd3 21.
Qxd3 Bc8 22. Re3 1/2-1/2

[Event "?"]
[Site "?"]
[Date "2015.11.24"]
[Round "4"]
[White "WEILL, SERGE."]
[Black "URBANIAK, PATRICK."]
[Result "1-0"]
[WhiteElo "1943"]
[BlackElo "1814"]
[PlyCount "75"]

1. e4 c5 2. Nf3 d6 3. d4 cxd4 4. Nxd4 a6 5. Bc4 e6 6. Bb3 b5 7. O-O Nf6 8. Re1
Be7 9. Bg5 O-O 10. Kh1 Qc7 11. Nd2 Qc5 12. Be3 Qc7 13. f3 Nc6 14. Nxc6 Qxc6 15.
c4 b4 16. Rc1 Bb7 17. Nf1 a5 18. Ba4 Qc7 19. Ng3 Bc6 20. Bxc6 Qxc6 21. Ne2 e5
22. Ng3 g6 23. Qd2 Rfc8 24. Red1 Ne8 25. Bh6 Ng7 26. Bxg7 Kxg7 27. Nf1 Qb6 28.
g3 h6 29. h4 Qb7 30. Ne3 f5 31. Nd5 fxe4 32. fxe4 Bf8 33. Rf1 Ra7 34. b3 Qd7
35. Kg2 Qg4 36. Qe3 Rc5 37. Qf3 Qe6 38. Qxf8+ 1-0

[Event "?"]
[Site "?"]
[Date "2015.11.24"]
[Round "4"]
[White "DVORSAK, HANS."]
[Black "VAN MAELE, RICHARD."]
[Result "1-0"]
[WhiteElo "1874"]
[BlackElo "1731"]
[PlyCount "105"]

1. e4 e6 2. d4 d5 3. Nc3 c5 4. exd5 exd5 5. dxc5 d4 6. Bb5+ Nc6 7. Bxc6+ bxc6
8. Nce2 Bxc5 9. Nf3 d3 10. Qxd3 Qxd3 11. cxd3 Ba6 12. d4 Bd6 13. O-O Nf6 14.
Re1 O-O 15. Bf4 Rfd8 16. Bxd6 Rxd6 17. Nc3 h6 18. Re7 Rd7 19. Rae1 Kf8 20. Rxd7
Nxd7 21. h3 Re8 22. Rxe8+ Kxe8 23. Ne5 Bb7 24. Ne4 Ke7 25. f4 Nb6 26. Nc5 Ba8
27. Kf2 f6 28. Ned3 Kd6 29. Ke3 g6 30. b3 Nd5+ 31. Kf3 Nc3 32. a4 Kd5 33. Ke3
Kd6 34. Nf2 Nd5+ 35. Kf3 f5 36. Nd1 Ne7 37. Ke3 Nd5+ 38. Kf3 Ne7 39. Ne3 Nd5
40. Nc4+ Ke7 41. Ne5 Kf6 42. g3 Kg7 43. Ke2 g5 44. fxg5 hxg5 45. Nc4 Kf6 46.
Ne3 Ne7 47. Kf3 Ng6 48. Nc4 Ne7 49. Nd6 Nd5 50. Nc8 a6 51. Nd6 Kg6 52. a5 Kf6
53. Nc8 1-0

[Event "?"]
[Site "?"]
[Date "2015.11.24"]
[Round "4"]
[White "BOUGEL, CLAUDE."]
[Black "WURHMANN, DANIEL."]
[Result "1-0"]
[WhiteElo "1691"]
[BlackElo "1698"]
[PlyCount "115"]

1. c4 Nf6 2. Nf3 e6 3. d4 Bb4+ 4. Bd2 Qe7 5. a3 Bxd2+ 6. Nbxd2 d6 7. e4 e5 8.
d5 O-O 9. Bd3 Bg4 10. h3 Bxf3 11. Nxf3 Nbd7 12. b4 a5 13. O-O Ra7 14. Nd2 axb4
15. axb4 Rfa8 16. Rxa7 Rxa7 17. Qc2 Qf8 18. Rb1 Qa8 19. Qc1 b6 20. Nb3 Ra4 21.
Ra1 Nb8 22. Bc2 Rxa1 23. Qxa1 Qxa1+ 24. Nxa1 Na6 25. b5 Nc5 26. f3 Nh5 27. Kf2
Nf4 28. h4 g6 29. g3 Nh5 30. Kg2 Kf8 31. Bd1 Nf6 32. Nc2 Nfd7 33. Nb4 Nb8 34.
Kf2 Ke7 35. Ke3 f5 36. exf5 gxf5 37. Bc2 Kf6 38. g4 f4+ 39. Ke2 h6 40. Bf5 Ke7
41. g5 hxg5 42. hxg5 Kf7 43. Kf2 Kg7 44. Kg2 Nbd7 45. Na6 Nf8 46. Nxc7 Nb3 47.
Ne8+ Kg8 48. Nxd6 Nd4 49. Be4 Nd7 50. Nc8 Kg7 51. d6 Ne6 52. Bc6 Ndc5 53. Nxb6
Nd8 54. d7 Nce6 55. Bd5 Nxg5 56. c5 Nge6 57. Bxe6 Nxe6 58. c6 1-0

[Event "CHAMP LIGUE VETERAN"]
[Site "?"]
[Date "2015.11.25"]
[Round "5"]
[White "ROSAIA, DANY."]
[Black "DVORSAK, HANS."]
[Result "0-1"]
[WhiteElo "1449"]
[BlackElo "1887"]
[PlyCount "124"]

1. e4 e5 2. Nf3 Nc6 3. Nc3 Nf6 4. Bc4 Bc5 5. a3 d6 6. d3 Bg4 7. Bg5 h6 8. Bh4
Nd4 9. h3 Bxf3 10. gxf3 c6 11. Na4 Bb6 12. c3 Ne6 13. Nxb6 axb6 14. Bxe6 fxe6
15. Qd2 Rf8 16. Qe2 g5 17. Bg3 Nd7 18. Kf1 Qf6 19. Kg2 Ke7 20. h4 Rf7 21. Rh3
Raf8 22. Bh2 g4 23. fxg4 Qxf2+ 24. Qxf2 Rxf2+ 25. Kh1 Rxb2 26. Bg1 Rb3 27. c4
Rg8 28. Rg3 Nf6 29. g5 hxg5 30. hxg5 Nxe4 31. Rg4 Nxg5 32. Be3 Rh8+ 33. Kg2 Nf7
34. a4 d5 35. a5 d4 36. Bf2 Rxd3 37. Bh4+ Kd6 38. axb6 Rb3 39. Ra4 Nh6 40. Rg7
Nf5 41. c5+ Kd5 42. Rd7+ Kxc5 43. Bf2 Rg8+ 44. Kf1 Rg7 45. Rd8 e4 46. Rh8 e3
47. Bh4 d3 48. Ra1 Rg4 49. Ra5+ Rb5 50. Rxb5+ Kxb5 51. Bf6 d2 52. Ke2 Rg1 53.
Rd8 Re1+ 54. Kf3 d1=Q+ 55. Rxd1 Rxd1 56. Bg5 Rf1+ 57. Ke2 Rg1 58. Bf6 Kxb6 59.
Bd8+ Kc5 60. Kd3 Kd5 61. Bf6 c5 62. Ke2 c4 0-1

[Event "CHAMP LIGUE VETERAN"]
[Site "?"]
[Date "2015.11.25"]
[Round "5"]
[White "VAN MAELE, RICHARD."]
[Black "MAHIEU, JACQUES."]
[Result "1/2-1/2"]
[WhiteElo "1731"]
[BlackElo "1638"]
[PlyCount "54"]

1. d4 e6 2. Nf3 Nf6 3. Bg5 d5 4. e3 Bd6 5. Bd3 h6 6. Bh4 Nbd7 7. Nbd2 g5 8. Bg3
Nb6 9. c3 Bxg3 10. hxg3 g4 11. Ne5 h5 12. Nxg4 Nxg4 13. Qxg4 hxg4 14. Rxh8+ Ke7
15. Rxd8 Kxd8 16. O-O-O Bd7 17. Rh1 Ke7 18. Rh4 Rg8 19. Be2 f5 20. Nb3 Kf7 21.
Nc5 Bc8 22. Nd3 Nd7 23. Ne5+ Kf6 24. Nxd7+ Bxd7 25. Kd2 a5 26. b3 b6 27. Bf1
Rg7 1/2-1/2

[Event "CHAMP LIGUE VETERAN"]
[Site "?"]
[Date "2015.11.25"]
[Round "5"]
[White "URBANIAK, PATRICK."]
[Black "BOUGEL, CLAUDE."]
[Result "0-1"]
[WhiteElo "1814"]
[BlackElo "1691"]
[PlyCount "58"]

1. c4 e5 2. Nc3 Nc6 3. g3 Nf6 4. Bg2 Bc5 5. e4 d6 6. Nf3 a6 7. O-O O-O 8. h3
Be6 9. d3 h6 10. a3 Ne7 11. b4 Ba7 12. Kh2 c6 13. a4 Qc7 14. Bb2 Ng6 15. b5 Bc5
16. Qc2 Rfd8 17. Nd2 axb5 18. cxb5 Bb6 19. Nc4 Bd4 20. Ne2 Bxb2 21. b6 Qd7 22.
Qxb2 Ra6 23. a5 Rda8 24. Qc3 Ne7 25. f4 exf4 26. gxf4 Nc8 27. f5 Bxc4 28. dxc4
Qe7 29. e5 dxe5 0-1

[Event "CHAMP LIGUE VETERAN"]
[Site "?"]
[Date "2015.11.25"]
[Round "5"]
[White "LEFEBVRE, SERGE."]
[Black "WEILL, SERGE."]
[Result "1/2-1/2"]
[WhiteElo "1630"]
[BlackElo "1943"]
[PlyCount "84"]
[EventDate "2015.??.??"]

1. e4 e5 2. Nf3 Nc6 3. d4 exd4 4. Nxd4 Bc5 5. Be3 Qf6 6. c3 Nge7 7. Be2 Ng6 8.
O-O Nf4 9. Bxf4 Qxf4 10. Nxc6 dxc6 11. Nd2 Be6 12. Qc2 Rd8 13. Rad1 O-O 14. g3
Qf6 15. Nf3 h6 16. b4 Be7 17. Nd4 Bh3 18. Rfe1 c5 19. bxc5 Bxc5 20. Bf1 Bg4 21.
Be2 Bc8 22. Bf1 c6 23. e5 Qe7 24. Bc4 Bg4 25. Rd2 Be6 26. Bxe6 fxe6 27. Red1
Rd5 28. Qe4 Rfd8 29. c4 Rxd4 30. Rxd4 Bxd4 31. Rxd4 Rxd4 32. Qxd4 c5 33. Qe4
Kf7 34. h4 Ke8 35. f4 Kd8 36. f5 exf5 37. Qxf5 Ke8 38. Kg2 b6 39. e6 Qb7+ 40.
Kh2 Qe7 41. Qd5 Kf8 42. Qf5+ Ke8 1/2-1/2

[Event "CHAMP LIGUE VETERAN"]
[Site "?"]
[Date "2015.11.25"]
[Round "5"]
[White "WUHRMANN, DANIEL."]
[Black "LUCAS, JEAN."]
[Result "1-0"]
[WhiteElo "1698"]
[BlackElo "1657"]
[PlyCount "81"]

1. e4 e5 2. Nf3 Nc6 3. Bb5 f5 4. Nc3 fxe4 5. Nxe4 d5 6. Ng3 Bg4 7. h3 Bxf3 8.
Qxf3 Qd6 9. Bxc6+ Qxc6 10. Qh5+ Kd7 11. O-O Re8 12. Re1 g6 13. Qg4+ Qe6 14. Qf3
Bc5 15. Re2 Ne7 16. Qb3 Nc6 17. c3 Bb6 18. d4 Qd6 19. dxe5 Nxe5 20. Bf4 Nf3+
21. gxf3 Qxf4 22. Qxd5+ Kc8 23. Rxe8+ Rxe8 24. Kg2 c6 25. Qd3 Rd8 26. Qe4 Qd2
27. Qe6+ Kb8 28. Ne4 Qxb2 29. Re1 Qb5 30. Qe7 Qd5 31. Qxh7 Qxa2 32. Qe7 a5 33.
Nc5 Bxc5 34. Qxd8+ Ka7 35. Qh4 a4 36. Qg3 Qd2 37. Re8 a3 38. Re4 a2 39. Ra4+
Kb6 40. Qh4 Qb2 41. Qd8+ 1-0

[Event "CHAMP LIGUE VETERAN"]
[Site "?"]
[Date "2015.11.22"]
[Round "1"]
[White "LEFEBVRE, SERGE."]
[Black "VAN MAELE, RICHARD."]
[Result "0-1"]
[WhiteElo "1630"]
[BlackElo "1731"]
[PlyCount "44"]
[EventDate "2015.??.??"]

1. e4 e6 2. Nf3 d5 3. Nc3 d4 4. Ne2 c5 5. c3 Nc6 6. cxd4 cxd4 7. Qa4 Bc5 8. b4
Bxb4 9. Ne5 Nge7 10. a3 Bc5 11. Rb1 O-O 12. Nd3 Bb6 13. g3 e5 14. Bg2 Bg4 15.
f3 Be6 16. O-O Na5 17. Bb2 Bb3 18. Qb4 Nec6 19. Qb5 Bc4 20. Qa4 Bxd3 21. Rbe1
Bxe2 22. Rxe2 d3+ 0-1

[Event "CHAMP LIGUE VETERAN"]
[Site "?"]
[Date "2015.11.25"]
[Round "6"]
[White "WEILL, SERGE."]
[Black "VAN MAELE, RICHARD."]
[Result "1-0"]
[WhiteElo "1943"]
[BlackElo "1731"]
[PlyCount "35"]
[EventDate "2015.??.??"]
[SourceDate "2015.11.25"]

1. e4 e6 2. d4 d5 3. Nc3 Bb4 4. e5 c5 5. a3 Bxc3+ 6. bxc3 cxd4 7. cxd4 Ne7 8.
Nf3 Nbc6 9. c3 Qc7 10. Bd3 Nxe5 11. Nxe5 Qxc3+ 12. Bd2 Qxd4 13. Bb5+ Kf8 14.
Nf3 Qe4+ 15. Be2 Bd7 16. a4 Bc6 17. O-O h6 18. Re1 1-0

[Event "CHAMP LIGUE VETERAN"]
[Site "?"]
[Date "2015.11.25"]
[Round "6"]
[White "LUCAS, JEAN."]
[Black "DVORSAK, HANS."]
[Result "1-0"]
[WhiteElo "1657"]
[BlackElo "1874"]
[PlyCount "57"]
[EventDate "2015.??.??"]

1. e4 e5 2. f4 exf4 3. Nf3 g5 4. Nc3 Bg7 5. g3 fxg3 6. hxg3 d6 7. d4 g4 8. Nh4
c6 9. Be3 Nf6 10. Qd2 h5 11. Bd3 Qe7 12. a3 a5 13. O-O Na6 14. Qg2 b5 15. e5
Nd7 16. Nf5 Qf8 17. Nxd6+ Kd8 18. Nxf7+ Kc7 19. b4 axb4 20. axb4 Qxb4 21. Nxh8
Bxh8 22. Nxb5+ Kb6 23. d5+ Ndc5 24. c3 Qb3 25. dxc6 Bxe5 26. Ra3 Qe6 27. Nd4
Bxd4 28. Bxd4 Qxc6 29. Be4 1-0

[Event "CHAMP LIGUE VETERAN"]
[Site "?"]
[Date "2015.11.25"]
[Round "6"]
[White "BOUGEL, CLAUDE."]
[Black "LEFEBVRE, SERGE."]
[Result "1-0"]
[WhiteElo "1691"]
[BlackElo "1630"]
[PlyCount "65"]

1. c4 g6 2. d4 c5 3. d5 b5 4. e4 bxc4 5. Bxc4 Bg7 6. Nf3 d6 7. h3 Nd7 8. O-O
Ngf6 9. Nc3 O-O 10. Re1 Nb6 11. Bd3 Nfd7 12. Bf4 c4 13. Bc2 Nc5 14. Qd2 Bd7 15.
Rac1 Rc8 16. e5 dxe5 17. Nxe5 f6 18. Nxd7 Qxd7 19. Re2 Rfe8 20. Rce1 e5 21.
dxe6 Qxd2 22. Bxd2 Rc6 23. Be3 Nxe6 24. Bxb6 Rxb6 25. Ba4 Re7 26. Nd5 Kf7 27.
Nxe7 Kxe7 28. Rd1 Rd6 29. Red2 Rxd2 30. Rxd2 Nc5 31. Bb5 c3 32. bxc3 f5 33. Rd5
1-0

[Event "CHAMP LIGUE VETERAN"]
[Site "?"]
[Date "2015.11.25"]
[Round "6"]
[White "WURHMANN, DANIEL."]
[Black "URBANIAK, PATRICK."]
[Result "0-1"]
[WhiteElo "1698"]
[BlackElo "1814"]
[PlyCount "84"]
[EventDate "2015.??.??"]

1. e4 c5 2. d4 cxd4 3. c3 dxc3 4. Nxc3 Nc6 5. Nf3 d6 6. Bc4 Nf6 7. e5 dxe5 8.
Qxd8+ Kxd8 9. Ng5 Na5 10. Bb5 Be6 11. Be3 a6 12. Bb6+ Kc8 13. Rd1 Nc6 14. Nxe6
fxe6 15. Bc4 Nd4 16. Bxd4 exd4 17. Rxd4 e5 18. Be6+ Kc7 19. Rd2 g6 20. O-O Bh6
21. Rc2 Kd6 22. Bh3 e6 23. Rd1+ Nd5 24. Bxe6 Kxe6 25. Nxd5 Rhd8 26. Nc3 Rd4 27.
Rxd4 exd4 28. Re2+ Kf5 29. g4+ Kg5 30. Ne4+ Kxg4 31. Nd2 d3 32. Re4+ Kf5 33.
Rd4 Bxd2 34. Rxd3 Bc1 35. Rd7 b5 36. Rxh7 Bxb2 37. Rf7+ Ke6 38. Rf3 Be5 39. Re3
g5 40. h4 Rg8 41. hxg5 Rxg5+ 42. Kf1 Kf5 0-1

[Event "CHAMP LIGUE VETERAN"]
[Site "?"]
[Date "2015.11.25"]
[Round "6"]
[White "MAHIEU, JACQUES."]
[Black "ROSAIA, DANY."]
[Result "1-0"]
[WhiteElo "1638"]
[BlackElo "1149"]
[PlyCount "111"]

1. c4 g6 2. Nc3 Bg7 3. g3 c6 4. Bg2 e6 5. Nf3 d5 6. cxd5 exd5 7. d4 Qa5 8. O-O
Ne7 9. Bd2 Qc7 10. Re1 a6 11. Qb3 Be6 12. Ng5 O-O 13. Nxe6 fxe6 14. Bh3 Nf5 15.
Bxf5 Rxf5 16. e4 Rf3 17. Nxd5 Qf7 18. Ne3 Bxd4 19. Bc3 Bf6 20. Red1 Bxc3 21.
Rd8+ Kg7 22. Qxc3+ Qf6 23. Qxf6+ Rxf6 24. Nc4 Rf8 25. Rad1 b5 26. Nb6 Ra7 27.
Nc8 Rxd8 28. Rxd8 Rd7 29. Rxd7+ Nxd7 30. Ne7 c5 31. Kf1 Kf7 32. Nc6 Kf6 33. Ke2
e5 34. f4 h6 35. Kd3 Ke6 36. Nd8+ Ke7 37. Nb7 Ke6 38. a3 c4+ 39. Ke3 h5 40. h4
Kf6 41. Kd2 Nb6 42. Nc5 a5 43. Kc3 Nc8 44. Nd7+ Kg7 45. Nxe5 Nd6 46. Kd4 c3 47.
bxc3 Kf6 48. Nc6 Nb7 49. Kd5 a4 50. Nd4 Ke7 51. Nxb5 Nd8 52. c4 Kd7 53. Nc3 Nc6
54. Nxa4 Kc7 55. Nc5 Na5 56. Ne6+ 1-0

[Event "?"]
[Site "?"]
[Date "2015.11.26"]
[Round "7"]
[White "ROSAIA, DANY."]
[Black "WEILL, SERGE."]
[Result "0-1"]
[WhiteElo "1449"]
[BlackElo "1943"]
[PlyCount "66"]

1. e4 e5 2. Nf3 Nc6 3. Nc3 Nf6 4. Bc4 Bc5 5. O-O d6 6. h3 Bd7 7. a3 a6 8. d3 h6
9. Qe2 O-O 10. b4 Nd4 11. Nxd4 Bxd4 12. Bd2 c6 13. Rab1 Qc7 14. Nd1 d5 15. Ba2
Rae8 16. Be3 dxe4 17. dxe4 Nxe4 18. Rc1 Nd6 19. c3 Bxe3 20. fxe3 Be6 21. c4 Ne4
22. Qf3 Nd2 23. Qf2 Nxf1 24. Qxf1 Rd8 25. e4 Rd2 26. Bb3 Qe7 27. Nf2 Rfd8 28.
Kh2 Qg5 29. Rc3 Rb2 30. Rf3 Rdd2 31. Kg1 Rxf2 32. Rxf2 Qe3 33. Bd1 Bxc4 0-1